Industrial gas flaring practices / (Record no. 355624)

000 -LEADER
fixed length control field 02542cam a2200325 i 4500
001 - CONTROL NUMBER
control field 17698883
003 - CONTROL NUMBER IDENTIFIER
control field Nust- CAS-E
005 - DATE AND TIME OF LATEST TRANSACTION
control field 20180118181407.0
008 - FIXED-LENGTH DATA ELEMENTS--GENERAL INFORMATION
fixed length control field 130415s2013 nju b 001 0 eng
010 ## - LIBRARY OF CONGRESS CONTROL NUMBER
LC control number 2013004622
020 ## - INTERNATIONAL STANDARD BOOK NUMBER
International Standard Book Number 9781118237878 (cloth)
040 ## - CATALOGING SOURCE
Original cataloging agency DLC
Language of cataloging eng
Transcribing agency DLC
Description conventions rda
Modifying agency DLC
042 ## - AUTHENTICATION CODE
Authentication code pcc
050 00 - LIBRARY OF CONGRESS CALL NUMBER
Classification number TP159.F52
Item number C43 2013
082 00 - DEWEY DECIMAL CLASSIFICATION NUMBER
Classification number 670.286
Edition number 23
100 1# - MAIN ENTRY--PERSONAL NAME
Personal name Cheremisinoff, Nicholas P.
245 10 - TITLE STATEMENT
Title Industrial gas flaring practices /
Statement of responsibility, etc. Nicholas P. Cheremisinoff, PhD.
300 ## - PHYSICAL DESCRIPTION
Extent xi, 255 pages ;
Dimensions 25 cm
500 ## - GENERAL NOTE
General note "Published simultaneously in Canada"--Title page verso.
502 ## - DISSERTATION NOTE
Dissertation note 0
504 ## - BIBLIOGRAPHY, ETC. NOTE
Bibliography, etc. note Includes bibliographical references and index.
505 0# - FORMATTED CONTENTS NOTE
Formatted contents note 1. Principles of Combustion -- Introduction -- Combustion Basics -- Physical Gas Laws -- Stoichiometric and Thermodynamic Considerations -- Ignition -- Flammability and Flammable Mixtures -- Gas Mixtures -- 2. Overview of Flares and Gas Flaring Practices -- General Description -- Types of Flares -- Flare System Components and Design Features -- Flare Regulations -- Flare Enforcement Actions -- Major Suppliers -- Flare Terminology -- 3. Overview of Disposal Systems and Relief Headers -- Blowdown Systems -- Disposal System Components -- Quench Drum -- Seals and the Seal Drum -- Knockout Drums -- 4. Flare Types -- Introduction -- Hydrogen Assisted Flares -- Steam Assisted Flares -- Efficiency and Smoking Flares -- 5. Remote Sensing and Monitoring -- Introduction -- Remote Sensing Dial Technology -- Experience -- 6. Practical Considerations and Emissions Calculations -- Introduction -- Sizing Considerations -- General Permit Obligations -- Monitoring System Requirements -- Marama Guidelines for Calculating Flare Emissions -- TCEQ New Source Review (NSR) Emission Calculations -- U.S. EPA's AP-42 -- Calculations Versus Measurement -- 7. Case Studies -- Introduction -- The Exxon Chalmette Refinery -- The BP Texas City Refinery -- Valero Tennessee Refinery -- Appendix -- Properties Data.
650 #0 - SUBJECT ADDED ENTRY--TOPICAL TERM
Topical term or geographic name entry element Flare gas systems (Chemical engineering)
650 #0 - SUBJECT ADDED ENTRY--TOPICAL TERM
Topical term or geographic name entry element Waste gases
General subdivision Combustion.
650 #0 - SUBJECT ADDED ENTRY--TOPICAL TERM
Topical term or geographic name entry element Industries
General subdivision Environmental aspects.
776 08 - ADDITIONAL PHYSICAL FORM ENTRY
Relationship information Online version:
Main entry heading Cheremisinoff, Nicholas P.
Title Industrial gas flaring practices
Place, publisher, and date of publication Hoboken, New Jersey : John Wiley & Sons, 2013
International Standard Book Number 9781118671238
Record control number (DLC) 2013015518
906 ## - LOCAL DATA ELEMENT F, LDF (RLIN)
a 7
b cbc
c orignew
d 1
e ecip
f 20
g y-gencatlg
942 ## - ADDED ENTRY ELEMENTS (KOHA)
Source of classification or shelving scheme
Koha item type Book
Holdings
Withdrawn status Lost status Source of classification or shelving scheme Damaged status Not for loan Collection code Permanent Location Current Location Shelving location Date acquired Source of acquisition Cost, normal purchase price Total Checkouts Full call number Barcode Date last seen Price effective from Koha item type
            US-Pakistan Center for Advanced Studies in Energy (USPCAS-E) US-Pakistan Center for Advanced Studies in Energy (USPCAS-E)   11/11/2015 Multiline Books 12370.00   670.286 CHE-I2013 CAS-E0000570 11/11/2015 11/11/2015 Book
© 2023 Central Library, National University of Sciences and Technology. All Rights Reserved.